LEADER 01155nam a22002651i 4500 001 991002456979707536 005 20040319115641.0 008 040407s1956 sp a||||||||||||||||spa 035 $ab12925676-39ule_inst 035 $aARCHE-090528$9ExL 040 $aDip.to Scienze Storiche$bita$cA.t.i. Arché s.c.r.l. Pandora Sicilia s.r.l. 082 04$a946.89 100 1 $aIbanez de Ibero, Carlos, Marques de Mulhacen$0486640 245 13$aEl tunel del estrecho de Gibraltar :$bpresente y porvenir de la empresa /$cMarques de Mulhacen 260 $aMadrid :$bInstituto de estudios africanos,$c1956 300 $a269 p. :$bill. ;$c24 cm 500 $aIn testa al front.: Consejo superior de investigaciones cientificas 650 4$aTunnel$zGibilterra 710 1 $aSpagna.$bConsejo superior de investigaciones cientificas 907 $a.b12925676$b02-04-14$c16-04-04 912 $a991002456979707536 945 $aLE009 GEOG.14.5-222$g1$i2009000160095$lle009$o-$pE0.00$q-$rn$so $t0$u0$v0$w0$x0$y.i13498848$z16-04-04 996 $aTunel del estrecho de Gibraltar$9304400 997 $aUNISALENTO 998 $ale009$b16-04-04$cm$da $e-$fspa$gsp $h3$i1 LEADER 00926nam 2200349 450 001 9910164209203321 005 20230809222709.0 010 $a1-4988-1591-X 035 $a(CKB)3710000001057582 035 $a(MiAaPQ)EBC4802842 035 $a(EXLCZ)993710000001057582 100 $a20170303h20172017 uy 0 101 0 $aeng 135 $aurcnu|||||||| 181 $2rdacontent 182 $2rdamedia 183 $2rdacarrier 200 10$aHepatitis B $eglobal status /$fStephen Berger 210 1$aLos Angeles, California :$cGideon,$d2017. 210 4$d©2017 215 $a1 online resource (444 pages) $cillustrations, graphs 606 $aHepatitis B 615 0$aHepatitis B. 676 $a616.3 700 $aBerger$b Stephen$01210032 801 0$bMiAaPQ 801 1$bMiAaPQ 801 2$bMiAaPQ 906 $aBOOK 912 $a9910164209203321 996 $aHepatitis B$93412011 997 $aUNINA LEADER 03801 am 2200493 n 450 001 9910495769603321 005 20240104030500.0 010 $a2-7574-2924-8 024 7 $a10.4000/books.septentrion.82446 035 $a(CKB)4100000010138546 035 $a(FrMaCLE)OB-septentrion-82446 035 $a(PPN)242886574 035 $a(EXLCZ)994100000010138546 100 $a20200130j|||||||| ||| 0 101 0 $afre 135 $auu||||||m|||| 200 00$aPratiques et usages du film en Afriques francophones$eMaroc, Tchad, Togo, Tunisie$fPatricia Caillé, Claude Forest 210 $aVilleneuve d'Ascq$cPresses universitaires du Septentrion$d2020 215 $a1 online resource (292 p.) 311 $a2-7574-2856-X 327 $tIntroduction /$rPatricia Caille? --$gPt. 1.$tau nord du Sahara --$g1.$tPratiques des films au regard de l'offre et de la demande en Tunisie urbaine --$gPt. 1.$tL'offre de films en Tunisie --$gPt. 2.$tL'enque?te -- les pratiques des films --$g2.$tLe Maroc --$tCadre et me?thodologie de l'enque?te --$tLes re?sultats de l'enque?te : les pratiques audiovisuelles domestiques --$tLa sortie en salle de cine?ma au sud du Sahara --$g3.$tLe Tchad --$tLes caracte?ristiques de la population et des sites e?tudie?s --$tLes publics et leurs pratiques culturelles --$tLes vecteurs d'une pratique cine?matographique --$tLa culture du cine?ma --$g4.$tLe Togo --$tCadre et me?thodologie de l'enque?te au Togo --$tLa consommation des films a? domicile --$tL'infrastructure de l'offre --$tLes pratiques cine?matographiques. 330 $aQuatre enquêtes de terrain menées auprès de 3 000 personnes dans deux pays d?Afrique du Nord (Maroc, Tunisie) et deux du Sud du Sahara (Tchad, Togo), à partir d?un questionnaire commun avec des adaptations locales, posent un jalon dans une réflexion sur les rapports que ces publics entretiennent aujourd?hui avec les films en Afriques. L?analyse permet de rendre compte des ?uvres vues, par quels moyens dans différents contextes, et de questionner les usages, les sociabilités qu?ils suscitent, les cultures de films qui en découlent, etc. Il s?agit ainsi d?interroger le statut du film dans le jeu de l?offre et de la demande de productions audiovisuelles dans les pays concernés, la place de la production locale sur des marchés longtemps dominés par les productions audiovisuelles occidentales. Ce volume est un approfondissement des premiers résultats d?enquête publiés dans Regarder des films en Afriques (Presses universitaires du Septentrion, 2017). This volume is based on the results of a survey about film spectatorship and the uses of films today that was carried out in two North African (Morocco and Tunisia), and two Sub-Saharan (Tchad and Togo) countries. The survey with 3000 respondents used a similar questionnaire adapted to local specificities in the different countries. The analysis of the results allows us to say what films are watched, and through what media in the different contexts. 606 $aFilm Radio Television 606 $aspectateur 606 $ausage du film 606 $acinéma 606 $aaudiovisuel 607 $aFrench-speaking Africa$2fast 615 4$aFilm Radio Television 615 4$aspectateur 615 4$ausage du film 615 4$acinéma 615 4$aaudiovisuel 700 $aBelhoucine$b Mariam Aït$01454406 701 $aCaillé$b Patricia$01454241 701 $aForest$b Claude$01233426 701 $aGuiga$b Lamia$01454407 701 $aNdiltah$b Patrick$01078219 701 $aRoskem$b Jean-Pierre Kila$01454408 801 0$bFR-FrMaCLE 906 $aBOOK 912 $a9910495769603321 996 $aPratiques et usages du film en Afriques francophones$93656888 997 $aUNINA LEADER 01586nam2-22003491--450- 001 990002183200203316 005 20150325110558.0 035 $a000218320 035 $aUSA01000218320 035 $a(ALEPH)000218320USA01 035 $a000218320 100 $a20041117d1817----km-y0itay0103----ba 101 $aita 102 $aIT 105 $a||||||||001yy 200 1 $a<> : Fine della parte quarta: Azione governativa sulla produzione, distribuzione, consumo delle ricchezze. Parte quinta: Nuovi metodi d'azione governativa sulla produzione, distribuzione, consumo delle ricchezze. Parte sesta: Vedi il volume antecendente. Parte settima: Applicazione delle teorie economiche alla stima de' fondi 210 $d1817 215 $a432 p., [1] c. di tav. ripieg.$d27 cm 410 0$12001 454 1$12001 461 1$10010062204$12001 700 1$aGIOIA,$bMelchiorre$0145170 801 0$bsalbc$gISBD 912 $a990002183200203316 951 $aISE II 180/6(Presso 4° piano - Ufficio Coordinamento)$b2677 E.C.$cISE II 959 $aBK 969 $aECO 979 $aSIAVER$b90$c20041117$lUSA01$h1451 979 $aRSIAV1$b90$c20090302$lUSA01$h1043 979 $aGIGLIO$b90$c20150325$lUSA01$h1105 996 $aFine della parte quarta: Azione governativa sulla produzione, distribuzione, consumo delle ricchezze. Parte quinta: Nuovi metodi d'azione governativa sulla produzione, distribuzione, consumo delle ricchezze. Parte sesta: Vedi il volume antecendente. Parte settima: Applicazione delle teorie economiche alla stima de' fondi$91033468 997 $aUNISA